00672nam a2200181 a 450000100100000000500170001000800410002704000250006808200150009324500470010826000350015530000270019071000620021771000720027904900090035195201130036099900170047300002424120200930022834.0110125s1995 dr a 000 0 spa d aDO-SdBNPbspacBNPHU axxxbC744e00aConceptos de Economía :bcuaderno no. 1. aSanto Domingo :bGente,c1995. a24 p. :bil. ;c21 cm.2 aInstituto Dominicano de Desarrollo Integral (IDDI)9497692 aCentro de Investigación Económica para el Caribe (CIECA)949770 aBNPD 0010718PDaPDbPDcCTd2011-01-25iLF1l0oxxx C744ep24241-10r2020-06-25w2020-06-25yLFPDZNo se presta c23735d23735